SOCIAL INQUALITY IN A GLOBAL AGE (Record no. 13308)

MARC details
000 -LEADER
fixed length control field 00396nam a22001697a 4500
003 - CONTROL NUMBER IDENTIFIER
control field OSt
005 - DATE AND TIME OF LATEST TRANSACTION
control field 20211019115922.0
008 - FIXED-LENGTH DATA ELEMENTS--GENERAL INFORMATION
fixed length control field 211019b |||||||| |||| 00| 0 eng d
020 ## - INTERNATIONAL STANDARD BOOK NUMBER
International Standard Book Number 9781412977913
040 ## - CATALOGING SOURCE
Transcribing agency HU
082 ## - DEWEY DECIMAL CLASSIFICATION NUMBER
Classification number 305/SOC
100 ## - MAIN ENTRY--PERSONAL NAME
Personal name SCOTT SERNAU
9 (RLIN) 14208
245 ## - TITLE STATEMENT
Title SOCIAL INQUALITY IN A GLOBAL AGE
260 ## - PUBLICATION, DISTRIBUTION, ETC.
Place of publication, distribution, etc. 3RD
Name of publisher, distributor, etc. SAGE
Date of publication, distribution, etc. 2011
300 ## - PHYSICAL DESCRIPTION
Extent 359P
942 ## - ADDED ENTRY ELEMENTS (KOHA)
Source of classification or shelving scheme Dewey Decimal Classification
Koha item type Books like text book referance book
Suppress in OPAC No
Holdings
Withdrawn status Lost status Source of classification or shelving scheme Damaged status Not for loan Home library Current library Shelving location Date acquired Total Checkouts Full call number Barcode Date last seen Copy number Price effective from Koha item type
    Dewey Decimal Classification     Social Library Social Library General Stacks 10/19/2021   305/SOC SHLIB00010976 10/19/2021 1 10/19/2021 Books like text book referance book